الدين والأيديولوجيا في مشروع الفارابي السياسي / (رقم التسجيلة. 87577)

تفاصيل مارك
000 -LEADER
fixed length control field 00538nam a22001577a 4500
005 - DATE AND TIME OF LATEST TRANSACTION
control field 20251108172742.0
008 - FIXED-LENGTH DATA ELEMENTS--GENERAL INFORMATION
fixed length control field 250721s2002 xx 000 0 ara d
082 14 - DEWEY DECIMAL CLASSIFICATION NUMBER
Classification number 189.12/أحم
100 1# - MAIN ENTRY--PERSONAL NAME
Personal name أحمد، عزمي طه السيد
Relator term مؤلف
245 10 - TITLE STATEMENT
Title الدين والأيديولوجيا في مشروع الفارابي السياسي /
264 1# - PRODUCTION, PUBLICATION, DISTRIBUTION, MANUFACTURE, AND COPYRIGHT NOTICE
Place of production, publication, distribution, manufacture عمان :
Name of producer, publisher, distributor, manufacturer دار المسار للنشر والتوزيع،
Date of production, publication, distribution, manufacture, or copyright notice 2002.
300 ## - PHYSICAL DESCRIPTION
Extent 190ص
650 17 - SUBJECT ADDED ENTRY--TOPICAL TERM
Topical term or geographic name as entry element الفلسفة الإسلامية
942 ## - ADDED ENTRY ELEMENTS (KOHA)
Source of classification or shelving scheme Dewey Decimal Classification
Koha item type كتب
المقتنيات
حالة السحب حالة الفقدان مصدر التصنيف حالة التلف غير قابل للإعارة المكتبة الرئيسية المكتبة الحالية موقع الرف تاريخ التزويد الرقم المتسلسل Total Checkouts رقم الإستدعاء تاريخ آخر ظهور تاريخ الفاتورة نوع المادة (كوها) الباركود
    Dewey Decimal Classification     مكتبة أم قصير والمقابلين العامة مكتبة أم قصير والمقابلين العامة الإعارة 28/07/2025 572004   189.12/أحم 28/07/2025 28/07/2025 كتب 572004
    Dewey Decimal Classification Unchecked   مكتبة الاميرة بديعة مكتبة الاميرة بديعة الإعارة 28/07/2025 572000   189.12/أحم 28/07/2025 28/07/2025 كتب  
    Dewey Decimal Classification     مكتبة الحسن العامة مكتبة الحسن العامة الإعارة 28/07/2025 572001   189.12/أحم 28/07/2025 28/07/2025 كتب 572001
    Dewey Decimal Classification     مكتبة حمزة العامة مكتبة حمزة العامة الإعارة 28/10/2015 572002   189.12/أحم 28/07/2025 28/10/2015 كتب PLD00360609
    Dewey Decimal Classification     مكتبة وادي السير العامة مكتبة وادي السير العامة الإعارة 28/07/2025 572005   189.12/أحم 28/07/2025 28/07/2025 كتب 572005
Implemented & Customized by: BBB with SCIT (Smart Chains for Information Technology)

Powered by Koha